| 000 | 00741nam a2200241 a 4500 | ||
|---|---|---|---|
| 001 | BRL_1892 | ||
| 005 | 20190320211424.0 | ||
| 008 | 130815s1971----mx-#######---#000-0#spa-# | ||
| 041 | _aspa | ||
| 044 | _amx | ||
| 050 | 4 |
_aF1203 _b.G37 1971 |
|
| 100 | 1 |
_aGarcía Icazbalceta, Joaquín _d1825-1894 _98117 |
|
| 245 | 1 | 0 |
_aColección de documentos para la historia de México _cpublicada por Joaquín García Icazbalceta. |
| 250 | _a2a ed. | ||
| 260 |
_aMéxico _bEditorial Porrúa _c1971 |
||
| 300 |
_a2 v. _c23 cm. |
||
| 440 | 0 |
_aBiblioteca Porrúa _v47-48 _928173 |
|
| 500 | _at.1 Au1931, t.2 Au1930 | ||
| 500 | _aPrimera edicion facsimilar | ||
| 650 | 1 | 4 |
_aMéxico _xHistoria _yColonia, 1540-1810 _9556 |
| 902 | _aGRL | ||
| 942 |
_2lcc _cB |
||
| 999 |
_c10700 _d10700 |
||